00517cam a2200193ua 4500001000500000005001700005008003900022020001800061040000900079041000800088082001200096100002800108245005600136250000900192260003200201300001600233653004100249653003300290842720260515114332.0150129n ii |||gr||||Z||||||eng a9780140513639 cMAIN aeng a808.103 aCuddan, J. A.,eAuthor.1 aLiterary terms and literary theorycBy J. A. Cuddon a1st. aNew Delhi:bPenguin,c1998. axviii,996p. aRhetoric & collections of literature aDictionary of literary terms